00889cam a2200181 450000500170000000800410001705000260005824502550008425000110033926000730035030000280042349000610045150400310051250400210054365000690056470000370063370000370067020151005130242.0151005b mx ||||| |||| 00| 0 spa d04aBX4319 .A4 bS26 1978 3aEl santo desierto de los Carmelitas de la provincia de San Alberto de México : bSanta Fe 1605 : Tenancingo 1801 : historia documental e iconográfica /crev. paleográfica, introd. y notas por Dionisio Victoria Moreno y Manuel Arredondo Herrera. a1a ed. aMéxico :bBiblioteca enciclopédica de estado de México,c1978. a699 p. :bil. ;c23 cm. aBiblioteca Enciclopédica del Estado de México ; v66 aBibliografía: p. 597-600 aIncluye índice 72LEMBaCarmelitas descalzos en MéxicoxHistoriaySiglo XVII-XIX1 aVictoria Moreno, Dionisio,erev.1 aArredondo Herrera, Manuel,erev.